| 000 | 00836nam a2200289 i 4500 | ||
|---|---|---|---|
| 999 |
_c200429997 _d47923 |
||
| 001 | 200429997 | ||
| 003 | TR-AnTOB | ||
| 005 | 20221026093705.0 | ||
| 007 | ta | ||
| 008 | 120406s2010 tu 000 0 tur d | ||
| 020 | _a9789754645569 | ||
| 040 |
_aGAZIU _beng _erda _cTR-AnTOB _dTR-AnTOB |
||
| 041 | 0 | _atur | |
| 050 | 0 | 0 | _aKKX1822 |
| 090 |
_aKKX1822 _b.A455 2010 |
||
| 100 | 1 |
_aAkil, Cenk _4author _9120650 |
|
| 245 | 1 | 0 |
_aİstinaf kavramı / _cCenk Akil. |
| 264 |
_aAnkara : _bYetkin Yayınları, _c2010. |
||
| 300 |
_a434 pages ; _c24 cm. |
||
| 336 |
_atext _2rdacontent |
||
| 337 |
_aunmediated _2rdamedia |
||
| 338 |
_avolume _2rdacarrier |
||
| 504 | _aIncludes bibliographical references (pages [397]-427) and index. | ||
| 650 | 0 |
_aTemyiz prosedürü _zTürkiye _9117838 |
|
| 942 |
_2lcc _cBK |
||